Most expensive football transfers - Born in 1997 - Statistics

General Stats
  • This quiz has been taken 22 times
  • The average score is 8 of 10
Answer Stats
Fee (M €) Season Nationality Left Joined Player % Correct
135,00 2017-2018 France Borussia Dortmund Barcelona Ousmane Dembélé
100%
86,00 2019-2020 Netherlands Ajax Barcelona Frenkie de Jong
95%
58,00 2022-2023 Brazil Everton Tottenham Richarlison
86%
72,60 2020-2021 Portugal Benfica Manchester City Rúben Dias
86%
55,00 2019-2020 England Crystal Palace Manchester United Aaron Wan-Bissaka
81%
60,00 2023-2024 France RB Leipzig Chelsea Christopher Nkunku
81%
58,50 2021-2022 England Brighton Arsenal Ben White
76%
55,00 2023-2024 Portugal Wolverhampton Al-Hilal Rúben Neves
76%
63,00 2019-2020 Serbia Eintracht Frankfurt Real Madrid Luka Jović
67%
60,00 2023-2024 Brazil Zenti S-Pb Al-Hilal Malcom
57%
No matching quizzes found
Score Distribution
Percent of People with Each Score
Percentile by Number Answered
Your Score History
You have not taken this quiz